| 000 | 02567cam a2200433 a 4500 | ||
|---|---|---|---|
| 999 |
_c328441 _d328441 |
||
| 001 | 17355184 | ||
| 003 | Nust | ||
| 005 | 20170407111731.0 | ||
| 008 | 120619s2013 ne a b 001 0 eng | ||
| 010 | _a 2012025102 | ||
| 020 | _a9780415584715 (hbk.) | ||
| 020 | _a041558471X (hbk.) | ||
| 020 | _a9780203093276 (eBook) | ||
| 020 | _a0203093275 (eBook) | ||
| 035 | _a(DNLM)101586553 | ||
| 040 |
_aDNLM/DLC _cDLC _dDLC |
||
| 042 | _apcc | ||
| 050 | 0 | 0 |
_aRA652.2.P82 _bE58 2013 |
| 060 | 1 | 0 | _aWA 105 |
| 082 | 0 | 0 |
_a362.1 MOR _223 |
| 245 | 0 | 0 |
_aEnvironmental tracking for public health surveillance / _cEditors, Stanley A. Morain & Amelia M. Budge. |
| 260 |
_aLeiden, Netherlands : _bCRC Press/Balkema, _cc2013. |
||
| 300 |
_axxvii, 419 p., [32] p. of plates : _billus. (some col.), maps (some col.) ; _c26 cm. |
||
| 490 | 0 |
_aInternational Society for Photogrammetry and Remote Sensing (ISPRS) book series ; _v11 |
|
| 500 | _aH.B | ||
| 504 | _aIncludes bibliographical references and index. | ||
| 505 | 0 | _apt. 1. Introduction -- pt. 2. Infectious and contagious diseases in the environment -- pt. 3. Data, modelling, and information systems. | |
| 520 |
_a"Satellite imagery and data are widely used in public health surveillance to provide early warning of disease outbreaks and for averting pandemics. Convergence of these technologies began in the 1970s and has gained wide acceptance in the 21st Century. This book is written jointly by experts in both the health and Earth-science technologies. Each chapter is accompanied by an extensive list of citations to provide background and validation of the current state-of-the-art for a variety of high-interest human diseases and associated health and well-being issues. The importance of day-to-day weather patterns, the impacts of severe weather events and longer-term climate cycles form the basis for developing information systems that meet goals and expectations of national and international health monitoring bodies"-- _cProvided by publisher. |
||
| 650 | 0 | _aPublic health surveillance. | |
| 650 | 0 | _aRemote sensing. | |
| 650 | 1 | 2 |
_aDisease Outbreaks _xprevention & control. |
| 650 | 2 | 2 | _aEnvironment. |
| 650 | 2 | 2 | _aInformation Systems. |
| 650 | 2 | 2 | _aPopulation Surveillance. |
| 650 | 2 | 2 | _aSatellite Communications. |
| 700 | 1 | _aMorain, Stanley A. | |
| 700 | 1 | _aBudge, Amelia M. | |
| 906 |
_a7 _bcbc _corignew _d1 _eecip _f20 _gy-gencatlg |
||
| 942 |
_2ddc _cBK _k362.1 MOR |
||